<?xml version="1.0" encoding="UTF-8"?>
<record
    xmlns:xsi="http://www.w3.org/2001/XMLSchema-instance"
    xsi:schemaLocation="http://www.loc.gov/MARC21/slim http://www.loc.gov/standards/marcxml/schema/MARC21slim.xsd"
    xmlns="http://www.loc.gov/MARC21/slim">

  <leader>00555nam a22001697a 4500</leader>
  <controlfield tag="003">SGT</controlfield>
  <datafield tag="020" ind1=" " ind2=" ">
    <subfield code="a">9788131516171</subfield>
  </datafield>
  <datafield tag="082" ind1=" " ind2=" ">
    <subfield code="a">658, GRI </subfield>
  </datafield>
  <datafield tag="100" ind1=" " ind2=" ">
    <subfield code="a">GRIFFIN W. RICKY </subfield>
  </datafield>
  <datafield tag="245" ind1=" " ind2=" ">
    <subfield code="a">MANAGEMENT PRINCIPLES AND APPLICATIONS </subfield>
  </datafield>
  <datafield tag="250" ind1=" " ind2=" ">
    <subfield code="a">10TH </subfield>
  </datafield>
  <datafield tag="260" ind1=" " ind2=" ">
    <subfield code="a">NEW DELHI </subfield>
    <subfield code="b">CENGAGE LEARNING </subfield>
    <subfield code="c">2014</subfield>
  </datafield>
  <datafield tag="300" ind1=" " ind2=" ">
    <subfield code="a">826</subfield>
  </datafield>
  <datafield tag="650" ind1=" " ind2=" ">
    <subfield code="a">MANAGEMENT </subfield>
  </datafield>
  <datafield tag="653" ind1=" " ind2=" ">
    <subfield code="a">. AN INTRODUCTION TO MANAGEMENT, THE ENVIRONMENTAL CONTEXT OF MANAGEMENT,  PLANNING AND DECISION MAKING,  THE LEADING PROCESS, THE ORGANIZING PROCESS, THE CONTROLLING PROCESS, </subfield>
  </datafield>
  <datafield tag="942" ind1=" " ind2=" ">
    <subfield code="2">ddc</subfield>
    <subfield code="c">FCM</subfield>
  </datafield>
  <datafield tag="952" ind1=" " ind2=" ">
    <subfield code="0">0</subfield>
    <subfield code="1">0</subfield>
    <subfield code="2">ddc</subfield>
    <subfield code="4">0</subfield>
    <subfield code="7">0</subfield>
    <subfield code="a">SSSL</subfield>
    <subfield code="b">SSSL</subfield>
    <subfield code="c">TXT</subfield>
    <subfield code="d">2016-06-17</subfield>
    <subfield code="e">SPARSH BOOKS GALLERY </subfield>
    <subfield code="g">535.00</subfield>
    <subfield code="i">SGTU</subfield>
    <subfield code="l">6</subfield>
    <subfield code="o">658, GRI</subfield>
    <subfield code="p">CM578</subfield>
    <subfield code="r">2021-01-18 00:00:00</subfield>
    <subfield code="s">2020-12-30</subfield>
    <subfield code="w">0201-11-14</subfield>
    <subfield code="y">FCM</subfield>
    <subfield code="k">1294</subfield>
  </datafield>
  <datafield tag="999" ind1=" " ind2=" ">
    <subfield code="c">9117</subfield>
    <subfield code="d">9117</subfield>
  </datafield>
</record>
